000 00627nam a22002057a 4500
005 20241202150532.0
010 _aENG-1427762
020 _a9789386551832
_c360.00
035 _aEN-126294
037 _bDBAD
082 _a004.678
_21
100 _aKanetkarm, Yashavant
_974506
245 _a21 IOT Experiments/
_cby Yashavant Kanetkar [and] Shrirang Korde
250 _a1
260 _aNew Delhi
_bBPB Publications
_c2018
270 _aB-14,Connaught Place,
_bNew Delhi
_e110001
300 _aviii,,266p.
_c23cm(Hb)
700 _aKorde, Shrirang
_eAuthor
_974507
942 _2ddc
_cEN
_h004.678
_mKAN
_e1
999 _c207304
_d207304